[Event "12th American Continental"]
[Site "Medellin COL"]
[Date "2017.06.15"]
[Round "8.65"]
[White "Lotero,F"]
[Black "Chinchilla,E"]
[Result "1-0"]
[WhiteElo "2092"]
[BlackElo "2213"]

1.Nc3 d5 2.d4 Nf6 3.Bg5 h6 4.Bh4 e6 5.Nf3 c5 6.dxc5 Bxc5 7.Qd3 b6 8.Ne5 Ba6
9.Qf3 Bb4 10.Ng4 g5 11.O-O-O Nxg4 12.Rd4 Ne5 13.Qh5 Nec6 14.Rf4 Rh7 15.e4 d4
16.Bxa6 Nxa6 17.Nb5 gxf4 18.e5 Qg5 19.Qf3 Kf8 20.Kb1 Rc8 21.Nd6 Rc7 22.Re1
Nxe5 23.Qa8+ Ke7 24.Qe8+ Kxd6 25.Bxg5 Kc5 26.Qa4 b5 27.Qxa6 Nc6 {#r} 1-0

[Event "12th American Continental"]
[Site "Medellin COL"]
[Date "2017.06.15"]
[Round "8.66"]
[White "Lora,J"]
[Black "Rios,J"]
[Result "1-0"]
[WhiteElo "2193"]
[BlackElo "2055"]

1.Nf3 Nf6 2.d4 e6 3.Bg5 c5 4.c3 d5 5.e3 Nc6 6.Nbd2 Be7 7.Bd3 Bd7 8.O-O c4
9.Bc2 O-O 10.Qe2 b5 11.e4 Rb8 12.a3 a5 13.e5 Ne8 14.Bf4 Rb7 15.h3 b4 16.axb4
axb4 17.Rfe1 Na7 18.Rec1 Nb5 19.Nxc4 g6 20.Na5 Ra7 21.cxb4 Bxb4 22.Nb3 Ng7
23.Rxa7 Nxa7 24.Qa6 Qb8 25.Ra1 Nc6 26.Bg5 Rc8 27.Bd1 Bf8 28.Bd2 Nb4 29.Qa7 Be8
30.Qxb8 Rxb8 31.Ne1 Nf5 32.Bc3 {#r} 1-0

[Event "12th American Continental"]
[Site "Medellin COL"]
[Date "2017.06.15"]
[Round "8.69"]
[White "Restrepo Loaiza,Luis Fernando"]
[Black "Pachon,A"]
[Result "1-0"]
[WhiteElo "2167"]
[BlackElo "2006"]

1.a3 e5 2.c4 f5 3.d4 exd4 4.Qxd4 Nc6 5.Qd3 d6 6.Nf3 Be7 7.g3 Bf6 8.Nc3 Nge7
9.Bg2 Be6 10.Nd5 Bxd5 11.cxd5 Ne5 12.Qb3 O-O 13.Nd4 Qd7 14.Ne6 Rfc8 15.f4 Nf7
16.e4 g6 17.O-O c5 18.g4 fxg4 19.Qg3 c4 20.Qxg4 Kh8 21.Rb1 Ng8 22.Qe2 Qe7
23.Rf3 Bg7 24.Bd2 b5 25.Nxg7 Kxg7 26.Bc3+ Kf8 27.Re1 Re8 28.Qf2 Nf6 29.Qd4 Nh5
30.Rh3 Nh6 31.Qh8+ Ng8 32.Bf3 Qf7 33.Bxh5 gxh5 34.Rxh5 {#r} 1-0

[Event "12th American Continental"]
[Site "Medellin COL"]
[Date "2017.06.16"]
[Round "9.10"]
[White "Cori Quispe,Kevin Joel"]
[Black "Flores,Di"]
[Result "0-1"]
[WhiteElo "2390"]
[BlackElo "2567"]

1.e4 d5 2.exd5 Qxd5 3.Nc3 Qa5 4.d4 Nf6 5.Nf3 c6 6.Bc4 Bf5 7.Bd2 e6 8.Nd5 Qd8
9.Nxf6+ gxf6 10.c3 Bg7 11.Qe2 Nd7 12.O-O O-O 13.Bf4 Re8 14.Rad1 Bg6 15.Rfe1
Qa5 16.h3 Rad8 17.Bg3 Bh5 18.Qe3 Nb6 19.Bb3 Qf5 20.Nh4 Qb5 21.f3 a5 22.Qe2
Qxe2 23.Rxe2 a4 24.Bc2 Rd7 25.Nf5 a3 26.Nd6 Red8 27.Ne4 axb2 28.Bb3 Nd5 29.Be1
b6 30.Rxb2 f5 31.Ng3 Bg6 32.Ne2 Ne3 33.Ra1 c5 34.Bh4 cxd4 35.cxd4 Rxd4 36.Nxd4
Rxd4 37.Bf2 Rd3 38.Rab1 Bxb2 39.Rxb2 f4 40.Bh4 Rc3 41.Bf6 Rc1+ 42.Kf2 Bd3 {#R}
0-1

[Event "12th American Continental"]
[Site "Medellin COL"]
[Date "2017.06.16"]
[Round "9.11"]
[White "Bacallao Alonso,Y"]
[Black "Pulvett,D"]
[Result "1-0"]
[WhiteElo "2554"]
[BlackElo "2437"]

1.d4 Nf6 2.c4 e6 3.Nf3 Bb4+ 4.Nbd2 O-O 5.g3 c5 6.Bg2 cxd4 7.Nxd4 Nc6 8.Nc2 Be7
9.O-O d5 10.b3 b6 11.Bb2 Ba6 12.Ne3 dxc4 13.Ndxc4 Rc8 14.Rc1 Bc5 15.a3 Qxd1
16.Rfxd1 Rfd8 17.Rxd8+ Nxd8 18.Kf1 Kf8 19.Rd1 Ke7 20.b4 Bxe3 21.Nxe3 Ne8
22.Ke1 f6 23.a4 Bc4 24.b5 Nd6 25.Ba3 Nf7 26.Bb7 Rc7 27.Bc6 Bb3 28.Rd3 Ba2
29.Rd2 Bb3 30.Rb2 Bxa4 31.Rb4 Rxc6 32.bxc6 Bxc6 33.Rg4 g5 34.Rd4 b5 35.Bb4 Kd7
36.Ng4 e5 37.Rd1 Ke6 38.Ra1 f5 39.Ne3 f4 40.Nc2 Be4 41.Kd1 Nc8 42.Bc5 Kd5
43.Bxa7 Kc4 44.f3 Bg6 45.Bf2 Kb3 46.Rb1+ Kc3 47.Be1+ Kc4 48.Na3+ Kc5 49.Rc1+
Kd5 {#r} 1-0

[Event "12th American Continental"]
[Site "Medellin COL"]
[Date "2017.06.16"]
[Round "9.12"]
[White "Pichot,A"]
[Black "Panesso Rivera,H"]
[Result "1-0"]
[WhiteElo "2577"]
[BlackElo "2421"]

1.e4 g6 2.d4 Bg7 3.Nf3 d6 4.Bc4 Nf6 5.Qe2 O-O 6.O-O Bg4 7.Rd1 d5 8.exd5 Nxd5
9.Qe4 Bxf3 10.Qxf3 c6 11.Bb3 a5 12.c4 a4 13.cxd5 axb3 14.Qxb3 Qxd5 15.Qxb7 Ra4
16.Nc3 Rxd4 17.Be3 Qd7 18.Qb6 Rd3 19.Rxd3 Qxd3 20.Rd1 Qc4 21.Rd8 Na6 22.h3 Nb4
23.Qb8 Na6 24.Qc8 Nc5 25.Rxf8+ Bxf8 26.Qxc6 e5 27.Nd5 Qc2 28.Nf6+ Kg7 29.Ng4
{#r} 1-0

[Event "12th American Continental"]
[Site "Medellin COL"]
[Date "2017.06.16"]
[Round "9.15"]
[White "Vasquez Schroeder,R"]
[Black "Ynojosa,F"]
[Result "0-1"]
[WhiteElo "2553"]
[BlackElo "2395"]

1.e4 c5 2.Nf3 Nc6 3.Bb5 e6 4.O-O Nge7 5.d4 cxd4 6.Nxd4 Qb6 7.Nxc6 bxc6 8.Bd3
Ng6 9.c4 Bc5 10.Nc3 Qc7 11.Na4 Bd4 12.c5 O-O 13.Kh1 e5 14.Bc4 d6 15.f4 Be6
16.Qd3 Bxc4 17.Qxc4 d5 18.exd5 cxd5 19.Qd3 Qc6 20.Qd1 f6 21.Bd2 e4 22.Bc3 Be3
23.g3 Rab8 24.Bd4 Bxd4 25.Qxd4 Ne7 26.f5 Rfd8 27.Rad1 Qb7 28.b3 Nc6 29.Qe3 Qe7
30.Qf4 d4 31.Rfe1 e3 32.Kg2 g6 33.fxg6 hxg6 34.Nb2 Ne5 35.Rxd4 Rxd4 36.Qxd4
Qb7+ 37.Kh3 Kg7 {#R} 0-1

[Event "12th American Continental"]
[Site "Medellin COL"]
[Date "2017.06.16"]
[Round "9.16"]
[White "Valdes,Le"]
[Black "Mekhitarian,K"]
[Result "1-0"]
[WhiteElo "2407"]
[BlackElo "2542"]

1.d4 Nf6 2.Nf3 e6 3.g3 d5 4.Bg2 b5 5.O-O Be7 6.b3 Nbd7 7.c4 c6 8.Qc2 O-O
9.Nbd2 bxc4 10.bxc4 Ba6 11.Re1 Bb4 12.Rb1 Ba5 13.Ba3 Re8 14.Rec1 Rc8 15.Qa4
dxc4 16.Nxc4 Bxc4 17.Qxc4 Bb6 18.Rc2 h6 19.e3 c5 20.Rbc1 Rc7 21.Qa4 Qc8 22.Ne1
e5 23.dxc5 Nxc5 24.Bxc5 Bxc5 25.Nd3 Bb6 26.Rxc7 Bxc7 27.Qxa7 Bb8 28.Rxc8 Bxa7
29.Rxe8+ Nxe8 30.Nxe5 Nd6 31.a4 f6 32.Nc6 Bc5 33.a5 Kf8 34.a6 Nb5 35.Bf1 Na7
36.Nxa7 Bxa7 37.Kg2 Ke7 38.Bd3 Ke6 39.Kf3 f5 40.h3 Ke5 41.h4 Bb6 42.Bb5 Ba7
43.Ke2 Bb6 44.Kd3 Ba7 45.Ba4 Bb6 46.Bc2 Ba7 47.h5 Bb6 {#r} 1-0

[Event "12th American Continental"]
[Site "Medellin COL"]
[Date "2017.06.16"]
[Round "9.19"]
[White "Quintiliano Pinto,R"]
[Black "Valenzuela Gomez,F"]
[Result "0-1"]
[WhiteElo "2483"]
[BlackElo "2377"]

1.d4 Nf6 2.Nf3 g6 3.Bf4 Bg7 4.c3 O-O 5.h3 d6 6.e3 c5 7.dxc5 dxc5 8.Qxd8 Rxd8
9.Bc7 Rd7 10.Bh2 Nc6 11.Bb5 a6 12.Bxc6 bxc6 13.Nbd2 Rb7 14.Nc4 Be6 15.Nfd2 Ne4
16.Nxe4 Bxc4 17.O-O-O Bxa2 18.Nxc5 Rb5 19.Nd3 Bb3 20.Rd2 a5 21.Ne1 a4 22.Nc2
a3 23.Nxa3 Bxc3 24.Rd3 Bf6 25.Nxb5 Ra1+ 26.Kd2 Rxh1 27.Nd4 Bd5 28.Bg3 Bxg2
29.h4 Bd5 30.Rc3 h5 31.Rc2 Bxh4 32.Bxh4 Rxh4 33.Nxc6 Bxc6 34.Rxc6 Rb4 35.Kc3
Rb8 36.b4 Kg7 37.Rc4 g5 38.Kd3 Kg6 39.Ke2 h4 40.Kf3 Rb6 41.Kg2 e6 42.Kh3 Kh5
43.f3 f5 44.Rd4 Rc6 45.b5 Rc2 46.Rb4 e5 {#R} 0-1

[Event "12th American Continental"]
[Site "Medellin COL"]
[Date "2017.06.17"]
[Round "10.1"]
[White "Cori,J"]
[Black "Cordova,E"]
[Result "0-1"]
[WhiteElo "2618"]
[BlackElo "2651"]

1.d4 Nf6 2.Nf3 e6 3.e3 b6 4.Bd3 Bb7 5.O-O c5 6.b3 Be7 7.Bb2 O-O 8.Nbd2 d6
9.Re1 Nbd7 10.a3 Qc7 11.Rc1 Rfe8 12.c4 Rac8 13.Qc2 h6 14.Qb1 Qb8 15.b4 Qa8
16.Qa1 Bf8 17.Bf1 a6 18.h3 Red8 19.Bc3 cxd4 20.exd4 Rb8 21.Nh2 b5 22.c5 Nd5
23.Nb3 Nf4 24.f3 e5 25.Na5 Ne6 26.Bb2 Rbc8 27.cxd6 Rxc1 28.Rxc1 e4 29.Nxb7
Qxb7 30.fxe4 Qxe4 31.Re1 Qd5 32.Ng4 Bxd6 33.Qd1 Bg3 34.Re3 Bf4 35.Rd3 h5
36.Ne5 Qa2 37.Nxf7 Kxf7 38.d5 Nef8 39.Rb3 Be5 40.d6 Kg8 41.Qd5+ Kh8 42.Bd3 Nf6
43.Qxe5 Qxb3 44.Qe7 Re8 45.Bxf6 Rxe7 46.dxe7 Qf7 {#R} 0-1

[Event "12th American Continental"]
[Site "Medellin COL"]
[Date "2017.06.17"]
[Round "10.6"]
[White "Fier,A"]
[Black "Hungaski,R"]
[Result "1-0"]
[WhiteElo "2576"]
[BlackElo "2492"]

1.e4 e5 2.Nf3 Nc6 3.Bb5 a6 4.Ba4 d6 5.O-O Bd7 6.c4 Nge7 7.Nc3 g6 8.d4 Bg7 9.d5
Nd4 10.Nxd4 exd4 11.Ne2 b5 12.cxb5 axb5 13.Bb3 c5 14.dxc6 Nxc6 15.f4 O-O 16.f5
Na5 17.Bd5 Bc6 18.Nf4 Bxd5 19.Nxd5 Re8 20.f6 Bf8 21.Qd3 Nc6 22.Bf4 Qb8 23.a3
Qb7 24.Rae1 b4 25.Qd2 h5 26.Bh6 Kh7 27.Bxf8 Rxf8 28.Rf5 Qd7 29.Qd1 bxa3
30.Rxh5+ Kg8 31.Qd2 {#r} 1-0

[Event "12th American Continental"]
[Site "Medellin COL"]
[Date "2017.06.17"]
[Round "10.7"]
[White "Zapata,Alo"]
[Black "Bruzon Batista,L"]
[Result "0-1"]
[WhiteElo "2420"]
[BlackElo "2650"]

1.e4 e5 2.Nf3 Nc6 3.Bb5 g6 4.c3 a6 5.Bxc6 dxc6 6.O-O Bg7 7.d4 exd4 8.Nxd4 c5
9.Nb3 b6 10.Qxd8+ Kxd8 11.Bg5+ f6 12.Rd1+ Bd7 13.Bf4 Kc8 14.Na3 Be6 15.Nc2 Ne7
16.Rd2 Nc6 17.Rad1 Rf8 18.Ne3 Rf7 19.f3 Kb7 20.Kf2 a5 21.Nc1 a4 22.h4 Re8
23.h5 a3 24.hxg6 hxg6 25.b3 f5 26.exf5 Bxc3 27.fxe6 Rxf4 28.Rd7 Bd4 29.Ne2
Bxe3+ 30.Kxe3 Rf6 31.Nf4 Nb4 32.Rg7 Nxa2 33.Rdd7 Nb4 34.Rxc7+ Ka6 35.Ra7+ Kb5
36.g4 a2 37.g5 Rexe6+ 38.Nxe6 Rxe6+ {#R} 0-1

[Event "12th American Continental"]
[Site "Medellin COL"]
[Date "2017.06.17"]
[Round "10.8"]
[White "Fernandez,Li"]
[Black "Pichot,A"]
[Result "0-1"]
[WhiteElo "2402"]
[BlackElo "2577"]

1.e4 c5 2.Nf3 Nc6 3.d4 cxd4 4.Nxd4 e6 5.Nc3 Qc7 6.Nb3 Nf6 7.Bd3 a6 8.f4 d6
9.Qe2 b5 10.a4 b4 11.Nd1 Be7 12.Be3 e5 13.f5 g6 14.g4 d5 15.Nf2 d4 16.Bd2 h5
17.g5 Nd7 18.h4 Na5 19.O-O Bb7 20.Nh1 Nxb3 21.cxb3 Nc5 22.Rac1 Qb6 23.a5 Qxa5
24.Ng3 Nxd3 25.Qxd3 Qb5 26.Qxb5+ axb5 27.Rc7 Rb8 28.fxg6 fxg6 29.Rf6 Bxf6
30.gxf6 O-O 31.Rg7+ Kh8 32.Rxg6 Rf7 33.Bh6 Kh7 34.Rg5 Rxf6 35.Bg7 Rg6 36.Rxg6
Kxg6 37.Bxe5 d3 38.Bf4 Rc8 39.Kf2 Rf8 {#R} 0-1

[Event "12th American Continental"]
[Site "Medellin COL"]
[Date "2017.06.17"]
[Round "10.11"]
[White "Valenzuela Gomez,F"]
[Black "Cuartas,Ja"]
[Result "0-1"]
[WhiteElo "2377"]
[BlackElo "2492"]

1.d4 d5 2.c4 e5 3.dxe5 d4 4.Nf3 Nc6 5.a3 Nge7 6.b4 Ng6 7.Bb2 a5 8.b5 Ncxe5
9.Nxe5 Nxe5 10.e3 Be6 11.Bxd4 Nxc4 12.Qc2 Nd6 13.Bd3 Qg5 14.f4 Qh4+ 15.g3 Qh5
16.Nc3 Rd8 17.O-O Nf5 18.Ne2 Nxd4 19.Nxd4 Qc5 20.Qb2 Qb6 21.Be4 Bc5 22.Rad1
O-O 23.a4 Bc8 24.Nf5 Bxf5 25.Bxf5 Bxe3+ 26.Kh1 c5 27.Qc2 g6 28.Be4 Qc7 29.f5
Bd4 30.fxg6 hxg6 31.Qc4 Kg7 32.Bd5 Qd7 33.Bg2 Rh8 34.h4 g5 35.Rd3 f6 36.Qc1
Qg4 37.Rff3 gxh4 38.gxh4 Rxh4+ 39.Rh3 Rdh8 40.Qa3 Rxh3+ 41.Bxh3 Qg1# 0-1

[Event "12th American Continental"]
[Site "Medellin COL"]
[Date "2017.06.17"]
[Round "10.17"]
[White "Lopez Gonzalez,A"]
[Black "Vera Siguenas,D"]
[Result "0-1"]
[WhiteElo "2351"]
[BlackElo "2526"]

1.e4 c6 2.d4 d5 3.exd5 cxd5 4.c4 Nf6 5.Nc3 Nc6 6.Bg5 Be6 7.a3 h6 8.Bxf6 exf6
9.c5 f5 10.Bb5 g5 11.Nge2 f4 12.Qd3 Bg7 13.Ba4 Qf6 14.Nb5 O-O 15.Bc2 Rfd8
16.Rd1 Ne7 17.Nd6 Rxd6 18.cxd6 Nf5 19.h4 Nxd6 20.hxg5 hxg5 21.Qf3 Re8 22.Kf1
Bd7 23.a4 Ne4 24.g3 Qc6 25.Bb3 Qc8 26.Bxd5 Bg4 27.Qd3 Bxe2+ 28.Qxe2 Nxg3+
29.fxg3 Rxe2 30.Kxe2 Qg4+ 31.Bf3 Qe6+ 32.Kf2 Qe3+ 33.Kg2 g4 34.Bxb7 f3+ {#R}
0-1

[Event "12th American Continental"]
[Site "Medellin COL"]
[Date "2017.06.17"]
[Round "10.18"]
[White "Garcia Pantoja,R"]
[Black "Palencia,W"]
[Result "1-0"]
[WhiteElo "2500"]
[BlackElo "2343"]

1.e4 e6 2.d4 d5 3.Nc3 Nf6 4.e5 Nfd7 5.f4 c5 6.Nf3 Nc6 7.Be3 Qb6 8.Na4 Qa5+
9.c3 cxd4 10.b4 Qc7 11.Nxd4 a6 12.Nb3 g5 13.g3 h5 14.h4 gxf4 15.gxf4 b6 16.Qd2
Bb7 17.Rh3 Be7 18.Qf2 Bd8 19.Bd3 Rg8 20.Rg3 Rh8 21.Rg7 Ne7 22.Nd4 Kf8 23.Qg3
b5 24.Nc5 Nxc5 25.bxc5 Bc8 26.Rh7 Rxh7 27.Bxh7 Qa5 28.Bd2 Qa3 29.f5 exf5 30.c6
Bb6 31.Qg5 Bxd4 32.cxd4 Qf3 33.Qh6+ Ke8 34.Qf6 Qh1+ 35.Ke2 Qg2+ 36.Kd1 Qg4+
37.Kc1 Ng6 38.Bxg6 fxg6 39.Qh8+ Kf7 40.Qh7+ Ke8 41.Qg8+ {#r} 1-0

[Event "12th American Continental"]
[Site "Medellin COL"]
[Date "2017.06.17"]
[Round "10.25"]
[White "Vasquez Schroeder,R"]
[Black "Gonzalez Lopez,Nicolas Mateo"]
[Result "1-0"]
[WhiteElo "2553"]
[BlackElo "2127"]

1.d4 Nf6 2.c4 g6 3.Nc3 Bg7 4.e4 d6 5.Nf3 O-O 6.Be2 e5 7.d5 a5 8.Bg5 h6 9.Bh4
Nbd7 10.Nd2 c6 11.O-O g5 12.Bg3 cxd5 13.cxd5 Nc5 14.f3 Bd7 15.Bf2 Rc8 16.Nc4
Ne8 17.Ne3 f5 18.Nxf5 Bxf5 19.exf5 Rxf5 20.Qd2 Nf6 21.Be3 Nfd7 22.Rae1 Rf4
23.Bxf4 exf4 24.Kh1 Qb6 25.Nb5 Re8 26.b3 Re3 27.g3 Ne5 28.gxf4 gxf4 29.Rg1
Nxf3 30.Bxf3 Rxf3 31.Rxg7+ Kxg7 32.Qg2+ Rg3 33.hxg3 Qxb5 34.gxf4+ Kf7 35.Rg1
{#r} 1-0

[Event "12th American Continental"]
[Site "Medellin COL"]
[Date "2017.06.17"]
[Round "10.27"]
[White "Arias Santana,M"]
[Black "Morovic Fernandez,I"]
[Result "0-1"]
[WhiteElo "2292"]
[BlackElo "2537"]

1.e4 e5 2.Nf3 Nc6 3.d4 exd4 4.Nxd4 Nf6 5.Nxc6 bxc6 6.e5 Qe7 7.Qe2 Nd5 8.c4 Nb6
9.Nc3 Qe6 10.Qe4 g6 11.Bd2 a5 12.Bd3 Ba6 13.b3 Bg7 14.O-O O-O 15.Rae1 d5
16.exd6 Qxd6 17.Re2 f5 18.Qf3 Nd7 19.Bc2 Ne5 20.Qg3 Qd7 21.Bf4 Nxc4 22.Na4 Na3
23.Rd2 Nxc2 {#R} 0-1

[Event "12th American Continental"]
[Site "Medellin COL"]
[Date "2017.06.17"]
[Round "10.29"]
[White "Arenas,D"]
[Black "Cano,L"]
[Result "1-0"]
[WhiteElo "2488"]
[BlackElo "2264"]

1.e4 c5 2.Nf3 d6 3.d4 cxd4 4.Nxd4 Nf6 5.Nc3 a6 6.Bg5 e6 7.f4 Be7 8.Qf3 Qc7
9.O-O-O O-O 10.g4 Nbd7 11.h4 b5 12.Bxf6 Nxf6 13.g5 Nd7 14.f5 b4 15.Nce2 Ne5
16.Qg3 d5 17.fxe6 fxe6 18.Bg2 Bd6 19.exd5 Nc4 20.Qd3 Bf4+ 21.Kb1 Rb8 22.Nc6
Ne3 {#r} 1-0

[Event "12th American Continental"]
[Site "Medellin COL"]
[Date "2017.06.17"]
[Round "10.30"]
[White "Hernandez,Crist COL"]
[Black "Quintiliano Pinto,R"]
[Result "1-0"]
[WhiteElo "2259"]
[BlackElo "2483"]

1.e4 c5 2.Nf3 d6 3.d4 cxd4 4.Nxd4 Nf6 5.Nc3 g6 6.Be3 Bg7 7.Be2 Nc6 8.Qd2 O-O
9.O-O-O Ng4 10.Bxg4 Bxg4 11.f3 Bd7 12.Nxc6 bxc6 13.Bh6 Bxh6 14.Qxh6 Qa5 15.h4
Rab8 16.h5 g5 17.Nd5 Rbe8 18.Nxe7+ Rxe7 19.Rd5 cxd5 20.Qxg5+ Kh8 21.Qf6+ {#r}
1-0

[Event "12th American Continental"]
[Site "Medellin COL"]
[Date "2017.06.17"]
[Round "10.32"]
[White "Leiva,G"]
[Black "Garavito,M"]
[Result "1-0"]
[WhiteElo "2449"]
[BlackElo "2247"]

1.Nf3 Nf6 2.c4 e6 3.g3 b6 4.Bg2 Bb7 5.O-O Be7 6.Nc3 O-O 7.d4 d5 8.Ne5 c6 9.e4
dxc4 10.Nxc4 Nbd7 11.b3 b5 12.Ne3 Qb6 13.Bb2 Rad8 14.Qc2 a5 15.Rfd1 Rfe8
16.Rd2 Bf8 17.Qd1 g6 18.h4 Bh6 19.Qe2 Ba6 20.e5 b4 21.Na4 Qa7 22.Qf3 Nd5
23.Rc1 Nxe3 24.fxe3 Bb5 25.a3 Bxa4 26.bxa4 c5 27.axb4 axb4 28.dxc5 b3 29.Rc4
Nxc5 30.Bd4 Rxd4 31.exd4 b2 32.Rd1 Nxa4 33.Qc6 Qa8 34.Qxa8 {#r} 1-0

[Event "12th American Continental"]
[Site "Medellin COL"]
[Date "2017.06.17"]
[Round "10.33"]
[White "Castrillon Gomez,M"]
[Black "Vazquez,Guillermo"]
[Result "0-1"]
[WhiteElo "2210"]
[BlackElo "2443"]

1.e4 c5 2.Nf3 d6 3.d4 cxd4 4.Nxd4 Nf6 5.Nc3 a6 6.Be2 e5 7.Nb3 Be7 8.Be3 Be6
9.Nd5 Nbd7 10.Qd3 O-O 11.a4 Bxd5 12.exd5 Rc8 13.a5 Nc5 14.Nxc5 dxc5 15.c4 e4
16.Qc2 Bd6 17.O-O Qc7 18.g3 Rce8 19.Rfc1 Nd7 20.b4 f5 21.bxc5 Nxc5 22.Bxc5
Bxc5 23.Rf1 f4 24.Kh1 f3 25.Bd1 Qd7 {#R} 0-1

[Event "12th American Continental"]
[Site "Medellin COL"]
[Date "2017.06.17"]
[Round "10.34"]
[White "Panesso Rivera,H"]
[Black "Zapata Arbelaes,E"]
[Result "1-0"]
[WhiteElo "2421"]
[BlackElo "2202"]

1.d4 d5 2.c4 c6 3.Nf3 Nf6 4.Nc3 e6 5.g3 Nbd7 6.Bg2 Bd6 7.O-O O-O 8.Nd2 Be7
9.e4 Nb6 10.c5 Nbd7 11.e5 Ne8 12.b4 a5 13.b5 b6 14.bxc6 Nb8 15.Na4 bxc5
16.dxc5 Nxc6 17.Re1 Ba6 18.Nb3 Rb8 19.Ba3 Qc7 20.f4 Nb4 21.Kh1 Bb5 22.Bxb4
Bxa4 23.Bxa5 Qxa5 24.Nxa5 Bxd1 25.Nc6 Rb7 26.Nxe7+ Rxe7 27.Rexd1 Ra7 28.f5 Nc7
29.fxe6 fxe6 30.Rd2 Na6 31.Rc1 Rc7 32.c6 Nb4 33.Bh3 Re8 34.Rb1 Nxc6 35.Rc2 Kf7
36.Rbc1 Rec8 37.Bf1 d4 38.Ba6 d3 39.Bxd3 Rd7 40.Ba6 {#r} 1-0

[Event "12th American Continental"]
[Site "Medellin COL"]
[Date "2017.06.17"]
[Round "10.35"]
[White "Arango Arenas,Juan Camilo"]
[Black "Garcia,Gild"]
[Result "0-1"]
[WhiteElo "2198"]
[BlackElo "2396"]

1.d4 Nf6 2.c4 e6 3.g3 d5 4.Nf3 Bb4+ 5.Bd2 Be7 6.Bg2 c6 7.Qc2 Nbd7 8.O-O b6
9.Bf4 Bb7 10.Nbd2 Nh5 11.e4 Nxf4 12.gxf4 dxe4 13.Nxe4 Qc7 14.f5 exf5 15.Neg5
h6 16.Nh3 g6 17.Rfe1 Kf8 18.Ne5 Nxe5 19.dxe5 Kg7 20.Re2 Rad8 21.Rae1 Bb4
22.Rc1 Rhe8 23.a3 Bc5 24.Rce1 Bd4 25.e6 fxe6 26.Rxe6 Rxe6 27.Rxe6 Bc8 28.Rxc6
Qe5 29.c5 Qe1+ 30.Bf1 Ba6 {#R} 0-1

[Event "12th American Continental"]
[Site "Medellin COL"]
[Date "2017.06.17"]
[Round "10.38"]
[White "Alzate,D"]
[Black "Chumpitaz,A"]
[Result "1-0"]
[WhiteElo "2362"]
[BlackElo "2163"]

1.d4 Nf6 2.c4 e6 3.Nc3 Bb4 4.Qc2 d5 5.cxd5 exd5 6.Bg5 h6 7.Bh4 O-O 8.e3 Nbd7
9.Bd3 c5 10.Nf3 c4 11.Be2 Re8 12.Nd2 Qa5 13.O-O b6 14.Bf3 Bxc3 15.bxc3 Qa6
16.a4 Bb7 17.Qb2 Bc6 18.Nxc4 Ne4 19.Nd2 Bxa4 20.Nxe4 dxe4 21.Be2 b5 22.Rxa4
{#r} 1-0

[Event "12th American Continental"]
[Site "Medellin COL"]
[Date "2017.06.17"]
[Round "10.41"]
[White "Duran Vega,S"]
[Black "Montilla,J"]
[Result "1-0"]
[WhiteElo "2408"]
[BlackElo "2161"]

1.e4 c5 2.Nf3 Nc6 3.d4 cxd4 4.Nxd4 Qb6 5.Nb3 Nf6 6.Nc3 e6 7.Bd3 Qc7 8.O-O a6
9.f4 d6 10.Qf3 Be7 11.Bd2 O-O 12.Rfe1 Nd7 13.Qh3 Nb4 14.Kh1 Nxd3 15.cxd3 Nc5
16.f5 Bf6 17.Qg3 Nxb3 18.axb3 Qe7 19.Re2 Be5 20.Qg4 Re8 21.d4 h5 22.Qxh5 Bxd4
23.e5 f6 24.exf6 Bxf6 25.Nd5 Qf7 26.Qxf7+ Kxf7 27.Nc7 Rb8 28.Nxe8 Kxe8 29.fxe6
Ke7 30.Bc3 b5 31.Bxf6+ gxf6 32.Rc1 d5 33.Rc7+ Kd6 34.Rf7 Bxe6 35.Rxf6 Re8
36.Kg1 d4 37.Kf2 Kd5 38.Rfxe6 {#r} 1-0

[Event "12th American Continental"]
[Site "Medellin COL"]
[Date "2017.06.17"]
[Round "10.42"]
[White "Panjwani,R"]
[Black "Castaneda,Jorge Luis"]
[Result "1-0"]
[WhiteElo "2404"]
[BlackElo "2155"]

1.c4 Nf6 2.Nf3 e6 3.b3 d5 4.Bb2 Be7 5.e3 O-O 6.d4 b6 7.Bd3 Bb7 8.O-O Nbd7
9.Nc3 c5 10.Qe2 Rc8 11.Rfd1 cxd4 12.exd4 Qc7 13.Ne5 Rfe8 14.f4 Bb4 15.Nb5 Qb8
16.a3 Bf8 17.Nc3 g6 18.Rf1 Rcd8 19.g4 {#r} 1-0

[Event "12th American Continental"]
[Site "Medellin COL"]
[Date "2017.06.17"]
[Round "10.46"]
[White "Cardoso Cardoso,Jose Gabriel"]
[Black "Guerrero,JuC"]
[Result "0-1"]
[WhiteElo "2134"]
[BlackElo "2303"]

1.d4 Nf6 2.c4 g6 3.Nc3 d5 4.Nf3 Bg7 5.Qb3 dxc4 6.Qxc4 O-O 7.e4 a6 8.e5 b5
9.Qb3 Nfd7 10.e6 fxe6 11.h4 Nb6 12.Be3 Nc6 13.Rd1 b4 14.Ne4 Qd5 15.Qc2 b3
16.axb3 Nb4 17.Qb1 Qxb3 18.Nc5 Qc2 19.Qxc2 Nxc2+ 20.Kd2 Nxe3 21.fxe3 e5
22.dxe5 Rd8+ 23.Kc2 Rxd1 24.Kxd1 Bg4 25.Kc2 a5 26.Bd3 a4 27.Na6 c5 28.Nc7 Rd8
29.Rf1 Rd7 30.Nb5 Be6 31.Be4 Bc4 32.e6 Rd8 {#R} 0-1

[Event "12th American Continental"]
[Site "Medellin COL"]
[Date "2017.06.17"]
[Round "10.47"]
[White "Moran Reyes,P"]
[Black "Blandon,L"]
[Result "0-1"]
[WhiteElo "2129"]
[BlackElo "2269"]

1.e4 c5 2.c3 Nf6 3.e5 Nd5 4.Nf3 Nc6 5.Bc4 Nb6 6.Bb3 d5 7.exd6 Qxd6 8.Na3 a6
9.O-O Bf5 10.d4 cxd4 11.cxd4 Rd8 12.Be3 e6 13.Qd2 Be7 14.Rad1 Bf6 15.Qc1 Na5
16.Nc4 Naxc4 17.Bxc4 Nxc4 18.Qxc4 Be4 19.Qe2 Qd5 20.b3 O-O 21.Rd2 Rc8 22.Rfd1
Rc3 23.Ne1 Rd8 24.f3 Bf5 25.g3 Rdc8 26.Nd3 Bxd4 27.Nf4 Bxe3+ 28.Kg2 Qa5 29.b4
Qb6 30.Rd6 Qxd6 31.Rxd6 Rc2 32.g4 Bxf4 {#R} 0-1

[Event "12th American Continental"]
[Site "Medellin COL"]
[Date "2017.06.17"]
[Round "10.48"]
[White "Salcedo,Pablo Esteban"]
[Black "Romero Barreto,Jaime Jose"]
[Result "1-0"]
[WhiteElo "2103"]
[BlackElo "2266"]

1.d4 Nf6 2.c4 d6 3.Nc3 g6 4.e4 Bg7 5.Nf3 O-O 6.Be2 e5 7.Be3 exd4 8.Nxd4 Re8
9.f3 Nc6 10.O-O Nd7 11.Nxc6 bxc6 12.Qd2 c5 13.Rad1 Bb7 14.Kh1 Ne5 15.Bg5 f6
16.Bh4 Nc6 17.Bd3 Nd4 18.Rde1 Qd7 19.Ne2 Qf7 20.Nxd4 cxd4 21.c5 dxc5 22.Rc1
Qe7 23.Qc2 Bf8 24.Qb3+ Kg7 25.Qxb7 Reb8 26.Qc6 g5 27.Bg3 Rxb2 28.Rb1 Rb6
29.Qxc7 Qxc7 30.Bxc7 Rxb1 31.Rxb1 Rc8 32.Rb7 c4 33.Bxc4 Kh6 34.Be6 {#r} 1-0

[Event "12th American Continental"]
[Site "Medellin COL"]
[Date "2017.06.17"]
[Round "10.54"]
[White "Gallego,Julian Andres"]
[Black "Pazos Gambarrotti,P"]
[Result "0-1"]
[WhiteElo "2027"]
[BlackElo "2232"]

1.d4 Nf6 2.c4 e6 3.Nf3 d5 4.Nc3 Bb4 5.Bg5 dxc4 6.e4 b5 7.e5 h6 8.Bh4 g5 9.Nxg5
hxg5 10.Bxg5 Nbd7 11.exf6 Bb7 12.Qd2 Nb6 13.O-O-O Nd5 14.f4 Qd6 15.Kb1 Bxc3
16.bxc3 Qa3 17.Rc1 b4 18.Bxc4 bxc3 19.Qc2 Bc6 20.Qb3 Qa5 21.Ka1 Kd7 22.Rb1
Rab8 23.Qc2 Ne3 24.Qd3 Nxc4 25.Qxc4 Rb2 26.Rxb2 cxb2+ 27.Kxb2 Bd5 28.Qc5 Qxa2+
29.Kc3 Qxg2 30.Rd1 Be4 31.h4 Qc2+ 32.Kb4 Rb8+ {#R} 0-1

[Event "12th American Continental"]
[Site "Medellin COL"]
[Date "2017.06.17"]
[Round "10.59"]
[White "Brito,L"]
[Black "Okamura,M"]
[Result "1-0"]
[WhiteElo "2250"]
[BlackElo "2085"]

1.b3 d5 2.Bb2 Nf6 3.f4 Bf5 4.Nf3 e6 5.e3 Be7 6.Be2 h6 7.O-O O-O 8.c4 Nbd7
9.Nc3 c6 10.Ne5 d4 11.exd4 Nxe5 12.dxe5 Qd4+ 13.Kh1 Ne4 14.Nxe4 Qxb2 15.Ng3
Bc2 16.Qe1 Rfd8 17.d3 Bxd3 18.Bxd3 Rxd3 19.f5 Rd2 20.Qe4 Rad8 21.fxe6 fxe6
22.Rae1 Bc5 23.Nh5 Rf2 24.Nf6+ Kf8 25.Ng4 {#r} 1-0